000 00355nam a22001217a 4500
082 _a333.7968
_bNAT
_cD
245 _aTransportation energy
_cNational research council
260 _aWashington
_bTransportation Research Board
_c1987
300 _a68 p. :
_bill,
_c24 cm.
526 _a0
_b0
_c0
_d333_796800000000000_NAT
650 _aD
_96527
942 _2ddc
_cBK
999 _c541980
_d541980